000 01927nam0a2200325 i 4500
001 RU\NLR\bibl\2011194
005 20240921183948.0
010 _a9785502000208
_9100
021 _aRU
_b2013-12950
_9925
035 _a(NLR Aleph) 001999737
090 _a4342063
_c4342063
100 _a20130313d2012 u y0rusy50 ca
101 0 _arus
_aeng
102 _aRU
105 _aa |||||||||
200 1 _aGuide to electrical study. Английский язык для студентов энергетических специальностей
_eучебное пособие
_fТ.В. Захарченко, Л.С. Исмакова, Н.В. Соколова
_gМ-во образования и науки Рос. Федерации, Федер. гос. бюджет. образоват. учреждение высш. проф. образования "Нижегор. гос. техн. ун-т им. Р.Е. Алексеева"
210 _aНижний Новгород
_cНижегородский государственный технический университет
_d2012
215 _a182 c.
_cил.
_d21
517 0 _aАнглийский язык для студентов энергетических специальностей
606 1 _aАнглийский язык
_xУчебные издания для энергетиков
_92434789
_3RU\NLR\AUTH\661448931
686 1 _aШ143.21-93рус328.71
700 1 _aЗахарченко
_bТ. В.
_gТатьяна Васильевна
_4070
701 1 _aИсмакова
_bЛ. С.
_gЛариса Станиславовна
_4070
701 1 _4070
_aСоколова
_bН. В.
_cпреподаватель, английский язык
_gНаталья Васильевна
_9127901
_3RU\NLR\AUTH\770127927
801 0 _aRU
_bNLR
_c20130313
_gRCR
801 1 _aRU
_bNLR
_c20130313
830 _aАвт. по кн.
942 _cBOOK
980 _aNBR